[Event "World Youth & Cadets Rapid Championships"]
[Site "Rhodes, Greece"]
[Date "2022.05.02"]
[Round "7.43"]
[White "Berezovskaya, Arina"]
[Black "Bryant, Amelie"]
[Result "1-0"]
[TimeControl "10'/game & 5\"/move"]
[WhiteElo "1219"]
[BlackElo "1153"]

1. e4 {[%clk 00:10:09]} e5 {[%clk 00:10:08]} {[%emt 00:00:03]} 2. Nf3 {[%clk
00:10:13]} {[%emt 00:00:01]} Nc6 {[%clk 00:10:11]} {[%emt 00:00:02]} 3. Bb5
{[%clk 00:10:14]} {[%emt 00:00:04]} a6 {[%clk 00:10:12]} {[%emt 00:00:04]} 4.
Bxc6 {[%clk 00:10:18]} {[%emt 00:00:02]} dxc6 {[%clk 00:10:14]} {[%emt
00:00:02]} 5. d4 {[%clk 00:10:21]} {[%emt 00:00:01]} exd4 {[%clk 00:10:10]}
{[%emt 00:00:10]} 6. Qxd4 {[%clk 00:10:25]} {[%emt 00:00:02]} Bg4 {[%clk
00:10:08]} {[%emt 00:00:07]} 7. Nbd2 {[%clk 00:10:28]} {[%emt 00:00:02]} Bxf3
{[%clk 00:10:08]} {[%emt 00:00:05]} 8. Nxf3 {[%clk 00:10:31]} {[%emt 00:00:02]}
Nf6 {[%clk 00:09:59]} {[%emt 00:00:14]} 9. Qxd8+ {[%clk 00:10:11]} {[%emt
00:00:25]} Rxd8 {[%clk 00:10:02]} {[%emt 00:00:03]} 10. Bg5 {[%clk 00:09:58]}
{[%emt 00:00:17]} Be7 {[%clk 00:10:05]} {[%emt 00:00:02]} 11. e5 {[%clk
00:09:18]} {[%emt 00:00:45]} Nd5 {[%clk 00:10:01]} {[%emt 00:00:09]} 12. Bxe7
{[%clk 00:09:19]} {[%emt 00:00:04]} Nxe7 {[%clk 00:10:03]} {[%emt 00:00:02]} 13.
O-O {[%clk 00:09:14]} {[%emt 00:00:11]} O-O {[%clk 00:10:04]} {[%emt 00:00:04]}
14. Rad1 {[%clk 00:08:59]} {[%emt 00:00:19]} Rfe8 {[%clk 00:09:47]} {[%emt
00:00:22]} 15. Nd4 {[%clk 00:08:24]} {[%emt 00:00:40]} c5 {[%clk 00:09:35]}
{[%emt 00:00:17]} 16. Nb3 {[%clk 00:07:43]} {[%emt 00:00:47]} c4 {[%clk
00:09:35]} {[%emt 00:00:05]} 17. Nc5 {[%clk 00:07:13]} {[%emt 00:00:33]} Nc6
{[%clk 00:09:10]} {[%emt 00:00:31]} 18. f4 {[%clk 00:06:41]} {[%emt 00:00:38]}
Nd4 {[%clk 00:08:53]} {[%emt 00:00:19]} 19. Nxb7 {[%clk 00:04:56]} {[%emt
00:01:53]} Ne2+ {[%clk 00:08:55]} {[%emt 00:00:03]} 20. Kf2 {[%clk 00:03:51]}
{[%emt 00:01:09]} Rxd1 {[%clk 00:08:57]} {[%emt 00:00:03]} 21. Rxd1 {[%clk
00:03:55]} {[%emt 00:00:01]} Nxf4 {[%clk 00:08:57]} {[%emt 00:00:05]} 22. Rd8
{[%clk 00:03:19]} {[%emt 00:00:41]} Kf8 {[%clk 00:08:45]} {[%emt 00:00:17]} 23.
Rxe8+ {[%clk 00:02:37]} {[%emt 00:00:48]} Kxe8 {[%clk 00:08:48]} {[%emt
00:00:01]} 24. Nc5 {[%clk 00:02:35]} {[%emt 00:00:06]} Ng6 {[%clk 00:08:16]}
{[%emt 00:00:38]} 25. Nxa6 {[%clk 00:02:23]} {[%emt 00:00:17]} Kd7 {[%clk
00:08:10]} {[%emt 00:00:08]} 26. Nc5+ {[%clk 00:02:08]} {[%emt 00:00:23]} Kc6
{[%clk 00:08:10]} {[%emt 00:00:03]} 27. Ne4 {[%clk 00:01:51]} {[%emt 00:00:23]}
Nxe5 {[%clk 00:08:10]} {[%emt 00:00:06]} 28. Ng5 {[%clk 00:01:40]} {[%emt
00:00:15]} Ng4+ {[%clk 00:07:56]} {[%emt 00:00:19]} 29. Ke2 {[%clk 00:00:41]}
{[%emt 00:01:02]} Nxh2 {[%clk 00:07:49]} {[%emt 00:00:14]} 30. Nxf7 {[%clk
00:00:40]} {[%emt 00:00:07]} Kd5 {[%clk 00:07:48]} {[%emt 00:00:06]} 31. Ng5
{[%clk 00:00:39]} {[%emt 00:00:06]} h6 {[%clk 00:07:49]} {[%emt 00:00:04]} 32.
Nh3 {[%clk 00:00:26]} {[%emt 00:00:19]} Ng4 {[%clk 00:07:25]} {[%emt 00:00:28]}
33. Nf4+ {[%clk 00:00:25]} {[%emt 00:00:07]} Ke4 {[%clk 00:07:25]} {[%emt
00:00:05]} 34. Ne6 {[%clk 00:00:19]} {[%emt 00:00:09]} c6 {[%clk 00:07:24]}
{[%emt 00:00:08]} 35. Nxg7 {[%clk 00:00:17]} {[%emt 00:00:07]} Kd4 {[%clk
00:07:07]} {[%emt 00:00:21]} 36. c3+ {[%clk 00:00:15]} {[%emt 00:00:08]} Ke4
{[%clk 00:07:09]} {[%emt 00:00:02]} 37. Ne6 {[%clk 00:00:14]} {[%emt 00:00:07]}
Nf6 {[%clk 00:07:03]} {[%emt 00:00:11]} 38. Nd4 {[%clk 00:00:14]} {[%emt
00:00:04]} c5 {[%clk 00:07:01]} {[%emt 00:00:08]} 39. Ne6 {[%emt 00:00:09]} Kd5
{[%clk 00:07:01]} 40. Nf4+ {[%clk 00:00:16]} {[%emt 00:00:04]} Ke4 {[%clk
00:07:01]} {[%emt 00:00:05]} 41. Ne6 {[%clk 00:00:18]} {[%emt 00:00:03]} Nd7
{[%clk 00:06:56]} {[%emt 00:00:10]} 42. a4 {[%clk 00:00:13]} {[%emt 00:00:11]}
Kd5 {[%clk 00:06:48]} {[%emt 00:00:12]} 43. Nf4+ {[%clk 00:00:15]} {[%emt
00:00:03]} Kc6 {[%clk 00:06:44]} {[%emt 00:00:10]} 44. Kd2 {[%clk 00:00:10]}
{[%emt 00:00:10]} Nb6 {[%clk 00:06:44]} {[%emt 00:00:04]} 45. Kc2 {[%clk
00:00:12]} {[%emt 00:00:03]} Nxa4 {[%clk 00:06:46]} {[%emt 00:00:03]} 46. Ne6
{[%clk 00:00:15]} {[%emt 00:00:01]} Kb5 {[%clk 00:06:39]} {[%emt 00:00:11]} 47.
Nc7+ {[%clk 00:00:17]} {[%emt 00:00:03]} Kb6 {[%clk 00:06:38]} {[%emt
00:00:05]} 48. Nd5+ {[%clk 00:00:17]} {[%emt 00:00:06]} Kc6 {[%clk 00:06:43]}
{[%emt 00:00:01]} 49. Ne7+ {[%clk 00:00:20]} {[%emt 00:00:02]} Kb7 {[%clk
00:06:41]} {[%emt 00:00:05]} 50. Nf5 {[%clk 00:00:22]} {[%emt 00:00:04]} h5
{[%clk 00:06:45]} 51. Ng7 {[%clk 00:00:26]} {[%emt 00:00:02]} h4 {[%clk
00:06:23]} {[%emt 00:00:25]} 52. Nf5 {[%clk 00:00:30]} {[%emt 00:00:02]} Nb6
{[%clk 00:05:45]} {[%emt 00:00:43]} 53. Nxh4 {[%clk 00:00:32]} {[%emt
00:00:02]} Kc7 {[%clk 00:05:50]} {[%emt 00:00:02]} 54. g4 {[%clk 00:00:34]}
{[%emt 00:00:02]} Kd7 {[%clk 00:05:54]} 55. Nf5 {[%clk 00:00:34]} {[%emt
00:00:06]} Ke6 {[%clk 00:05:56]} 56. Ne3 {[%clk 00:00:27]} {[%emt 00:00:13]}
Ke5 {[%clk 00:05:46]} {[%emt 00:00:15]} 57. g5 {[%clk 00:00:20]} {[%emt
00:00:13]} Ke6 {[%clk 00:05:49]} 58. b4 {[%clk 00:00:12]} {[%emt 00:00:13]}
cxb4 {[%clk 00:05:31]} {[%emt 00:00:23]} 59. cxb4 {[%clk 00:00:15]} {[%emt
00:00:02]} Kd6 {[%clk 00:04:55]} {[%emt 00:00:39]} 60. g6 {[%clk 00:00:16]}
{[%emt 00:00:05]} Nd7 {[%clk 00:04:51]} {[%emt 00:00:08]} 61. g7 {[%clk
00:00:14]} {[%emt 00:00:08]} Nf6 {[%clk 00:04:55]} {[%emt 00:00:01]} 62. Nf5+
{[%clk 00:00:14]} {[%emt 00:00:05]} Kd5 {[%clk 00:04:49]} {[%emt 00:00:11]} 63.
Nh6 {[%clk 00:00:12]} {[%emt 00:00:07]} Kd4 {[%clk 00:04:36]} {[%emt 00:00:17]}
64. g8=Q {[%clk 00:00:11]} {[%emt 00:00:07]} Nxg8 {[%clk 00:04:39]} {[%emt
00:00:02]} 65. Nxg8 {[%clk 00:00:16]} c3 {[%clk 00:04:40]} {[%emt 00:00:04]} 66.
Ne7 {[%clk 00:00:14]} {[%emt 00:00:07]} Kc4 {[%clk 00:04:41]} {[%emt 00:00:02]}
67. Nc6 {[%clk 00:00:17]} {[%emt 00:00:03]} Kb5 {[%clk 00:04:23]} {[%emt
00:00:22]} 68. Kxc3 {[%clk 00:00:17]} {[%emt 00:00:07]} Kxc6 {[%clk 00:04:26]}
{[%emt 00:00:01]} 69. Kc4 {[%clk 00:00:20]} {[%emt 00:00:02]} Kb6 {[%emt
00:00:02]} 70. b5 {[%emt 00:00:05]} Kb7 {[%clk 00:04:28]} {[%emt 00:00:02]} 71.
Kc5 {[%clk 00:00:27]} {[%emt 00:00:03]} Ka7 {[%clk 00:04:27]} {[%emt 00:00:06]}
72. Kc6 {[%clk 00:00:24]} {[%emt 00:00:06]} Kb8 {[%clk 00:04:31]} {[%emt
00:00:01]} 73. Kb6 {[%clk 00:00:28]} {[%emt 00:00:02]} Ka8 {[%clk 00:04:35]}
{[%emt 00:00:01]} 74. Kc7 {[%clk 00:00:31]} {[%emt 00:00:03]} Ka7 {[%clk
00:04:27]} {[%emt 00:00:12]} 75. b6+ {[%clk 00:00:34]} {[%emt 00:00:02]} Ka8
{[%clk 00:04:11]} {[%emt 00:00:21]} 76. b7+ {[%clk 00:00:38]} {[%emt 00:00:01]}
1-0

[Event "World Youth & Cadets Rapid Championships"]
[Site "Rhodes, Greece"]
[Date "2022.05.01"]
[Round "8.1"]
[White "Subelj, Jan"]
[Black "Nogerbek, Kazybek"]
[Result "0-1"]
[TimeControl "10'/game & 5\"/move"]
[WhiteElo "2338"]
[BlackElo "2308"]

1. e4 {[%clk 00:10:08]} {[%emt 00:00:01]} c5 {[%clk 00:10:09]} {[%emt
00:00:01]} 2. Nf3 {[%clk 00:10:11]} {[%emt 00:00:02]} d6 {[%clk 00:10:12]}
{[%emt 00:00:02]} 3. Bb5+ {[%clk 00:10:12]} {[%emt 00:00:04]} Nd7 {[%clk
00:10:13]} {[%emt 00:00:05]} 4. O-O {[%clk 00:10:06]} {[%emt 00:00:10]} a6
{[%clk 00:10:08]} {[%emt 00:00:10]} 5. Bd3 {[%clk 00:10:09]} {[%emt 00:00:02]}
Ngf6 {[%clk 00:10:09]} {[%emt 00:00:04]} 6. Re1 {[%clk 00:10:11]} {[%emt
00:00:03]} e6 {[%clk 00:09:47]} {[%emt 00:00:26]} 7. c3 {[%clk 00:10:11]}
{[%emt 00:00:05]} b5 {[%clk 00:09:48]} {[%emt 00:00:05]} 8. Bc2 {[%clk
00:09:46]} {[%emt 00:00:30]} c4 {[%clk 00:09:41]} {[%emt 00:00:12]} 9. a4
{[%clk 00:09:36]} {[%emt 00:00:15]} Bb7 {[%clk 00:09:42]} {[%emt 00:00:05]} 10.
d4 {[%clk 00:09:24]} {[%emt 00:00:17]} cxd3 {[%clk 00:09:42]} {[%emt 00:00:04]}
11. Qxd3 {[%clk 00:09:22]} {[%emt 00:00:07]} Be7 {[%clk 00:08:41]} {[%emt
00:01:07]} 12. axb5 {[%clk 00:07:22]} {[%emt 00:02:05]} axb5 {[%clk 00:08:44]}
{[%emt 00:00:02]} 13. Rxa8 {[%clk 00:07:24]} {[%emt 00:00:03]} Qxa8 {[%clk
00:08:43]} {[%emt 00:00:06]} 14. b4 {[%clk 00:07:22]} {[%emt 00:00:06]} O-O
{[%clk 00:07:55]} {[%emt 00:00:53]} 15. Na3 {[%clk 00:07:09]} {[%emt 00:00:19]}
Rc8 {[%clk 00:07:25]} {[%emt 00:00:34]} 16. Bb2 {[%clk 00:06:34]} {[%emt
00:00:40]} Ba6 {[%clk 00:04:29]} {[%emt 00:03:02]} 17. Qe2 {[%clk 00:03:34]}
{[%emt 00:03:06]} Nb6 {[%clk 00:03:24]} {[%emt 00:01:09]} 18. Bd3 {[%clk
00:02:54]} {[%emt 00:00:43]} Na4 {[%clk 00:03:05]} {[%emt 00:00:26]} 19. Nxb5
{[%clk 00:01:30]} {[%emt 00:01:29]} Bxb5 {[%clk 00:03:04]} {[%emt 00:00:06]} 20.
Bxb5 {[%clk 00:01:33]} {[%emt 00:00:02]} Nxb2 {[%clk 00:02:36]} {[%emt
00:00:33]} 21. Qxb2 {[%clk 00:01:35]} {[%emt 00:00:03]} Nxe4 {[%clk 00:02:38]}
{[%emt 00:00:01]} 22. c4 {[%clk 00:01:04]} {[%emt 00:00:37]} Bf6 {[%clk
00:02:37]} {[%emt 00:00:05]} 23. Nd4 {[%clk 00:00:51]} {[%emt 00:00:20]} h6
{[%clk 00:02:14]} {[%emt 00:00:28]} 24. f3 {[%clk 00:00:15]} {[%emt 00:00:41]}
Qa7 {[%clk 00:01:40]} {[%emt 00:00:38]} 25. Rxe4 {[%clk 00:00:08]} {[%emt
00:00:13]} e5 {[%clk 00:01:39]} {[%emt 00:00:06]} 26. Kf1 {[%clk 00:00:09]}
{[%emt 00:00:03]} exd4 {[%clk 00:01:41]} {[%emt 00:00:04]} 27. Qd2 {[%clk
00:00:12]} {[%emt 00:00:03]} Qa3 {[%clk 00:01:27]} {[%emt 00:00:18]} 28. Re8+
{[%clk 00:00:07]} {[%emt 00:00:10]} Rxe8 {[%clk 00:01:31]} {[%emt 00:00:01]} 29.
Bxe8 {[%clk 00:00:10]} d3 {[%clk 00:01:35]} {[%emt 00:00:01]} 30. Bb5 {[%clk
00:00:12]} {[%emt 00:00:03]} Bc3 {[%clk 00:01:31]} {[%emt 00:00:10]} 31. Qxd3
{[%clk 00:00:16]} {[%emt 00:00:01]} Qc1+ {[%clk 00:01:35]} 0-1

[Event "World Youth & Cadets Rapid Championships"]
[Site "Rhodes, Greece"]
[Date "2022.05.01"]
[Round "8.2"]
[White "Morgunov, Marc"]
[Black "Goroshkov, Maksym"]
[Result "0-1"]
[TimeControl "10'/game & 5\"/move"]
[WhiteElo "2181"]
[BlackElo "2115"]

1. e4 {[%clk 00:10:09]} {[%emt 00:00:01]} e5 {[%clk 00:10:10]} {[%emt
00:00:01]} 2. Nf3 {[%clk 00:10:12]} {[%emt 00:00:01]} d6 {[%clk 00:10:14]} 3.
d4 {[%clk 00:10:15]} {[%emt 00:00:02]} Bg4 {[%clk 00:10:18]} 4. dxe5 {[%clk
00:09:58]} {[%emt 00:00:22]} Nd7 {[%clk 00:10:22]} 5. exd6 {[%clk 00:09:51]}
{[%emt 00:00:13]} Bxd6 {[%clk 00:10:25]} {[%emt 00:00:01]} 6. h3 {[%clk
00:09:04]} {[%emt 00:00:52]} Bh5 {[%clk 00:10:27]} {[%emt 00:00:02]} 7. Nc3
{[%clk 00:09:03]} {[%emt 00:00:07]} Ngf6 {[%clk 00:10:29]} {[%emt 00:00:03]} 8.
g4 {[%clk 00:08:35]} {[%emt 00:00:33]} Bg6 {[%clk 00:10:33]} {[%emt 00:00:01]}
9. Bd3 {[%clk 00:08:39]} {[%emt 00:00:02]} Qe7 {[%clk 00:10:25]} {[%emt
00:00:13]} 10. Qe2 {[%clk 00:08:42]} {[%emt 00:00:02]} O-O-O {[%clk 00:10:20]}
{[%emt 00:00:09]} 11. Bg5 {[%clk 00:06:41]} {[%emt 00:02:06]} h6 {[%clk
00:09:27]} {[%emt 00:00:59]} 12. Nd5 {[%clk 00:04:41]} {[%emt 00:02:05]} Qe6
{[%clk 00:09:27]} {[%emt 00:00:04]} 13. Bxf6 {[%clk 00:03:51]} {[%emt
00:00:55]} Nxf6 {[%clk 00:09:14]} {[%emt 00:00:18]} 14. Nxf6 {[%clk 00:03:54]}
{[%emt 00:00:02]} gxf6 {[%clk 00:09:03]} {[%emt 00:00:16]} 15. Nd4 {[%clk
00:02:14]} {[%emt 00:01:46]} Bb4+ {[%clk 00:09:01]} {[%emt 00:00:06]} 16. c3
{[%clk 00:02:17]} {[%emt 00:00:02]} Rxd4 {[%clk 00:09:05]} {[%emt 00:00:01]} 17.
cxb4 {[%clk 00:02:10]} {[%emt 00:00:13]} Bxe4 {[%clk 00:09:06]} {[%emt
00:00:03]} 18. Bb1 {[%clk 00:00:37]} {[%emt 00:01:38]} Bxh1 {[%clk 00:08:59]}
{[%emt 00:00:13]} 19. Bf5 {[%clk 00:00:40]} {[%emt 00:00:02]} Qxf5 {[%clk
00:09:03]} 20. gxf5 {[%clk 00:00:41]} {[%emt 00:00:04]} Re4 {[%clk 00:09:08]}
{[%emt 00:00:01]} 21. f3 {[%clk 00:00:23]} {[%emt 00:00:22]} Bxf3 {[%clk
00:09:11]} {[%emt 00:00:02]} 0-1

[Event "World Youth & Cadets Rapid Championships"]
[Site "Rhodes, Greece"]
[Date "2022.05.01"]
[Round "8.3"]
[White "Petrovskyi, Vadym"]
[Black "Chyzy, Jakub"]
[Result "1-0"]
[TimeControl "10'/game & 5\"/move"]
[WhiteElo "2347"]
[BlackElo "1951"]

1. e4 {[%clk 00:10:09]} {[%emt 00:01:48]} Nf6 {[%clk 00:10:09]} {[%emt
00:00:02]} 2. Nc3 {[%clk 00:10:13]} {[%emt 00:00:02]} e5 {[%clk 00:10:13]}
{[%emt 00:00:01]} 3. Bc4 {[%clk 00:10:16]} {[%emt 00:00:01]} Nc6 {[%clk
00:10:16]} {[%emt 00:00:02]} 4. d3 {[%clk 00:10:16]} {[%emt 00:00:06]} Na5
{[%clk 00:10:19]} 5. Nge2 {[%clk 00:10:20]} {[%emt 00:00:01]} Bc5 {[%clk
00:09:17]} {[%emt 00:01:08]} 6. O-O {[%clk 00:10:08]} {[%emt 00:00:15]} O-O
{[%clk 00:09:07]} {[%emt 00:00:16]} 7. a4 {[%clk 00:10:03]} {[%emt 00:00:11]}
Nxc4 {[%clk 00:09:04]} {[%emt 00:00:07]} 8. dxc4 {[%clk 00:10:06]} {[%emt
00:00:02]} d6 {[%clk 00:08:47]} {[%emt 00:00:22]} 9. Ng3 {[%clk 00:09:58]}
{[%emt 00:00:13]} Ng4 {[%clk 00:07:06]} {[%emt 00:01:46]} 10. Qf3 {[%clk
00:09:14]} {[%emt 00:00:49]} Qh4 {[%clk 00:05:30]} {[%emt 00:01:42]} 11. h3
{[%clk 00:09:16]} {[%emt 00:00:03]} Nh6 {[%clk 00:04:20]} {[%emt 00:01:15]} 12.
Nd5 {[%clk 00:06:32]} {[%emt 00:02:48]} f5 {[%clk 00:03:55]} {[%emt 00:00:31]}
13. Bxh6 {[%clk 00:06:35]} {[%emt 00:00:01]} fxe4 {[%clk 00:02:25]} {[%emt
00:01:35]} 14. Qxe4 {[%clk 00:06:32]} {[%emt 00:00:08]} Qxg3 {[%clk 00:01:22]}
{[%emt 00:01:08]} 15. Be3 {[%clk 00:06:23]} {[%emt 00:00:14]} Bxe3 {[%clk
00:01:00]} {[%emt 00:00:27]} 16. Qxe3 {[%clk 00:06:09]} {[%emt 00:00:20]} Qh4
{[%clk 00:00:19]} {[%emt 00:00:46]} 17. Nxc7 {[%clk 00:05:59]} {[%emt
00:00:14]} Rb8 {[%clk 00:00:23]} {[%emt 00:00:02]} 18. Nb5 {[%clk 00:05:43]}
{[%emt 00:00:21]} Be6 {[%clk 00:00:13]} {[%emt 00:00:15]} 19. Nxd6 {[%emt
00:00:11]} Rf6 {[%clk 00:00:13]} 20. Ne4 {[%clk 00:05:08]} {[%emt 00:00:38]}
Rg6 {[%clk 00:00:17]} 21. Ng3 {[%clk 00:05:12]} {[%emt 00:00:01]} Bxc4 {[%clk
00:00:10]} {[%emt 00:00:13]} 22. Rfe1 {[%clk 00:05:11]} {[%emt 00:00:06]} Rf8
{[%clk 00:00:13]} {[%emt 00:00:01]} 23. Qxe5 {[%clk 00:05:06]} {[%emt
00:00:10]} Rgf6 {[%clk 00:00:18]} 24. Re4 {[%clk 00:05:05]} {[%emt 00:00:06]}
Qh6 {[%clk 00:00:10]} {[%emt 00:00:13]} 25. Rxc4 {[%clk 00:05:06]} {[%emt
00:00:04]} Rxf2 {[%clk 00:00:14]} {[%emt 00:00:01]} 26. Qd5+ {[%clk 00:05:06]}
{[%emt 00:00:05]} Kh8 {[%clk 00:00:18]} 27. Re1 {[%clk 00:05:03]} {[%emt
00:00:07]} Qf6 {[%clk 00:00:09]} {[%emt 00:00:14]} 28. Qd4 {[%clk 00:04:46]}
{[%emt 00:00:22]} Rxg2+ {[%clk 00:00:07]} {[%emt 00:00:08]} 29. Kxg2 {[%clk
00:04:46]} {[%emt 00:00:05]} Qf3+ {[%clk 00:00:11]} 30. Kh2 {[%clk 00:04:50]}
{[%emt 00:00:02]} h5 {[%clk 00:00:15]} 31. Rf1 {[%clk 00:04:49]} {[%emt
00:00:06]} 1-0

[Event "World Youth & Cadets Rapid Championships"]
[Site "Rhodes, Greece"]
[Date "2022.05.01"]
[Round "8.4"]
[White "Tobak, Mikhail"]
[Black "Pidluznij, Gleb"]
[Result "1-0"]
[TimeControl "10'/game & 5\"/move"]
[WhiteElo "2159"]
[BlackElo "2051"]

1. e4 {[%clk 00:10:08]} {[%emt 00:00:02]} c5 {[%clk 00:10:09]} {[%emt
00:00:02]} 2. Nf3 {[%clk 00:10:11]} {[%emt 00:00:01]} Nc6 {[%clk 00:10:12]}
{[%emt 00:00:02]} 3. Bb5 {[%clk 00:10:15]} {[%emt 00:00:02]} Nf6 {[%clk
00:10:16]} {[%emt 00:00:02]} 4. d3 {[%clk 00:09:59]} {[%emt 00:00:20]} Qa5+
{[%clk 00:10:19]} {[%emt 00:00:02]} 5. Nc3 {[%clk 00:10:02]} {[%emt 00:00:03]}
Nd4 {[%clk 00:10:22]} {[%emt 00:00:01]} 6. Bc4 {[%clk 00:09:00]} b5 {[%clk
00:10:25]} {[%emt 00:01:09]} 7. Bb3 {[%clk 00:08:45]} {[%emt 00:00:20]} Nxb3
{[%clk 00:10:28]} {[%emt 00:00:02]} 8. cxb3 {[%clk 00:08:48]} {[%emt 00:00:02]}
b4 {[%clk 00:10:31]} {[%emt 00:00:02]} 9. Ne2 {[%clk 00:08:45]} {[%emt
00:00:08]} g6 {[%clk 00:10:26]} {[%emt 00:00:10]} 10. O-O {[%clk 00:08:46]}
{[%emt 00:00:05]} Bg7 {[%clk 00:10:29]} {[%emt 00:00:01]} 11. Nf4 {[%clk
00:08:27]} {[%emt 00:00:24]} d6 {[%clk 00:10:19]} {[%emt 00:00:15]} 12. a3
{[%clk 00:08:20]} {[%emt 00:00:12]} e5 {[%clk 00:10:08]} {[%emt 00:00:15]} 13.
Ne2 {[%clk 00:08:21]} {[%emt 00:00:05]} O-O {[%clk 00:10:11]} {[%emt 00:00:02]}
14. Bd2 {[%clk 00:08:22]} {[%emt 00:00:04]} Qb6 {[%clk 00:09:56]} {[%emt
00:00:20]} 15. axb4 {[%clk 00:08:24]} {[%emt 00:00:03]} cxb4 {[%clk 00:09:58]}
{[%emt 00:00:04]} 16. Be3 {[%clk 00:08:27]} {[%emt 00:00:01]} Qb5 {[%clk
00:08:17]} {[%emt 00:01:45]} 17. Ng3 {[%clk 00:07:21]} {[%emt 00:01:12]} Bg4
{[%clk 00:06:19]} {[%emt 00:02:02]} 18. Bxa7 {[%clk 00:06:47]} {[%emt
00:00:40]} d5 {[%clk 00:06:16]} {[%emt 00:00:08]} 19. h3 {[%clk 00:06:00]}
{[%emt 00:00:51]} Bxf3 {[%clk 00:04:09]} {[%emt 00:02:13]} 20. Qxf3 {[%clk
00:06:02]} {[%emt 00:00:03]} d4 {[%clk 00:04:12]} {[%emt 00:00:03]} 21. Ra4
{[%clk 00:05:46]} {[%emt 00:00:20]} Rfc8 {[%clk 00:04:09]} {[%emt 00:00:07]} 22.
Rfa1 {[%clk 00:05:42]} {[%emt 00:00:10]} Qb7 {[%clk 00:03:17]} {[%emt
00:00:57]} 23. Nf1 {[%clk 00:04:47]} {[%emt 00:01:01]} Rc2 {[%clk 00:03:07]}
{[%emt 00:00:14]} 24. Qd1 {[%clk 00:04:32]} {[%emt 00:00:20]} Rc7 {[%clk
00:01:32]} {[%emt 00:01:40]} 25. Nd2 {[%clk 00:04:11]} {[%emt 00:00:26]} Bf8
{[%clk 00:01:32]} {[%emt 00:00:05]} 26. Nc4 {[%clk 00:03:32]} {[%emt 00:00:44]}
Nd7 {[%clk 00:01:36]} 27. f4 {[%clk 00:02:58]} {[%emt 00:00:39]} Bc5 {[%clk
00:01:10]} {[%emt 00:00:32]} 28. Bxc5 {[%clk 00:02:51]} {[%emt 00:00:12]} Rxa4
{[%clk 00:01:13]} {[%emt 00:00:01]} 29. bxa4 {[%clk 00:02:52]} {[%emt
00:00:05]} Rxc5 {[%clk 00:01:12]} {[%emt 00:00:05]} 30. fxe5 {[%clk 00:02:48]}
{[%emt 00:00:09]} Nxe5 {[%clk 00:00:53]} {[%emt 00:00:24]} 31. Nxe5 {[%clk
00:02:45]} {[%emt 00:00:08]} Rxe5 {[%clk 00:00:57]} 32. Qc2 {[%clk 00:02:48]}
{[%emt 00:00:03]} Rg5 {[%clk 00:00:35]} {[%emt 00:00:26]} 33. a5 {[%clk
00:02:22]} {[%emt 00:00:31]} Qa6 {[%clk 00:00:31]} {[%emt 00:00:09]} 34. Qc4
{[%clk 00:02:23]} {[%emt 00:00:04]} Qd6 {[%clk 00:00:08]} {[%emt 00:00:28]} 35.
a6 {[%clk 00:01:49]} {[%emt 00:00:39]} Qg3 {[%clk 00:00:09]} {[%emt 00:00:04]}
36. Qc2 {[%clk 00:01:53]} {[%emt 00:00:01]} Qxh3 {[%clk 00:00:07]} {[%emt
00:00:07]} 37. a7 {[%clk 00:01:51]} {[%emt 00:00:07]} Qe3+ {[%clk 00:00:06]}
{[%emt 00:00:06]} 38. Qf2 {[%clk 00:01:54]} {[%emt 00:00:03]} 1-0